Ч. 1: Геология, минералогия, эндогенная зональность оруденения; Серебро-сурьмяная рудная формация

Bibliografiske detaljer
Parent link:Серебро-сурьмяная рудная формация: в 2 ч./ Сибирское отделение РАН; под ред. А. А. Оболенского. Ч. 1: Геология, минералогия, эндогенная зональность оруденения.— , 1992-
Sprog:russisk
Udgivet: 1992
Fag:
Format: Bog
KOHA link:https://koha.lib.tpu.ru/cgi-bin/koha/opac-detail.pl?biblionumber=32064

MARC

LEADER 00000nam2a2200000 4500
001 32064
005 20231030204728.0
010 |a 5020300470 
035 |a (RuTPU)RU\TPU\book\32359 
035 |a BOOK00000438 
090 |a 32064 
100 |a 20011210d1992 k y0rusy50 ca 
101 0 |a rus 
102 |a RU 
105 |a a 001|y 
200 0 |a Ч. 1: Геология, минералогия, эндогенная зональность оруденения 
210 |d 1992 
215 |a 188 с.  |c ил. 
320 |a Библиогр.: с. 179-187. 
461 1 |0 (RuTPU)RU\TPU\book\95782  |t Серебро-сурьмяная рудная формация  |o в 2 ч.  |f Сибирское отделение РАН; под ред. А. А. Оболенского  |v Ч. 1: Геология, минералогия, эндогенная зональность оруденения  |d 1992-  |s Модели рудных формаций 
610 1 |a геология 
610 1 |a серебряные руды 
610 1 |a серебро 
610 1 |a сурьма 
610 1 |a месторождения 
610 1 |a рудные формации 
610 1 |a минералогия 
610 1 |a эндогенная зональность 
610 1 |a Алтай 
610 1 |a Монголия 
610 1 |a Южный Памир 
675 |a 553.412  |v 3 
801 0 |a RU  |b 63413507  |c 20011210  |g PSBO 
801 2 |a RU  |b 63413507  |c 20151119  |g PSBO 
942 |c BK